000 00451nam a2200181Ia 4500
005 20250423100423.0
008 250422s9999 xx 000 0 und d
020 _a9780826453877
050 _aHD 58.7 .C65/
100 _aCole, Gerald A.
245 0 _aOrganisational behaviour : theory and practice
260 _aAustralia
260 _bSouth-Western
260 _c1995
300 _a381 p
650 _aOrganizational behavior
942 _cBK
999 _c33253
_d33253